[Event "29th Metz Open - A"]
[Site "Longeville-les-Metz"]
[Date "2011.05.02"]
[Round "1.2"]
[White "Mikhalevski, Victor"]
[Black "Nguyen, Chi-Minh"]
[Result "0-1"]
[WhiteElo "2577"]
[BlackElo "2381"]
[PlyCount "92"]
[EventDate "2011.05.02"]
[Source "Roland WIMMER, Pierre BECKER (FA)"]
[SourceDate "2011.05.18"]

1. d4 e6 2. c4 Nf6 3. g3 d5 4. Nf3 Bb4+ 5. Bd2 a5 6. Bg2 Nc6 7. Qc2 dxc4 8.
Qxc4 Qd5 9. Qxd5 exd5 10. Nc3 Bg4 11. a3 Bxf3 12. exf3 Be7 13. Nb5 Kd8 14. Rc1
Ne8 15. f4 Nb8 16. Nc3 c6 17. Na4 Nd6 18. Bh3 b5 19. Nc5 Nc4 20. b3 Bxc5 21.
dxc5 Re8+ 22. Kd1 Nxa3 23. Bc3 f6 24. Bb2 b4 25. Bf5 a4 26. Bxh7 axb3 27. Bd3
Nd7 28. h4 Ra5 29. Bd4 Nb5 30. Bxb5 Rxb5 31. h5 Re4 32. Bb2 Rxc5 33. Rxc5 Nxc5
34. h6 gxh6 35. Bxf6+ Kc8 36. f5 Nd3 37. Kd2 Nxf2 38. Rxh6 d4 39. Bg7 d3 40.
Rxc6+ Kd7 41. Re6 Rg4 42. Be5 Ne4+ 43. Ke3 d2 44. Ke2 Rxg3 45. Bxg3 b2 46. Rxe4
d1=Q+ 0-1

[Event "29th Metz Open - A"]
[Site "Longeville-les-Metz"]
[Date "2011.05.02"]
[Round "1.3"]
[White "Shirazi, Kamran"]
[Black "Solodovnichenko, Yuri"]
[Result "0-1"]
[WhiteElo "2369"]
[BlackElo "2574"]
[PlyCount "74"]
[EventDate "2011.05.02"]
[Source "Roland WIMMER, Pierre BECKER (FA)"]
[SourceDate "2011.05.18"]

1. d4 d5 2. Bg5 h6 3. Bh4 c6 4. Nc3 Qb6 5. a3 Qxb2 6. Na4 Qb5 7. c3 Qa5 8. Qc2
Nf6 9. e3 Nbd7 10. Nf3 Ne4 11. Nd2 Nxd2 12. Kxd2 e5 13. Be2 exd4 14. exd4 Bd6
15. Rhd1 O-O 16. Ke1 Re8 17. Kf1 Nb6 18. Nc5 Bxc5 19. dxc5 Qxc5 20. a4 Nc4 21.
Bg3 Nd6 22. Bd3 Ne4 23. Bf4 Bf5 24. Be3 Qd6 25. Kg1 Qg6 26. c4 dxc4 27. Qxc4
Nd6 28. Qb3 Bxd3 29. Rxd3 Nf5 30. Bf4 Qf6 31. Qd1 Rad8 32. Rb1 c5 33. h3 c4 34.
Rd5 b6 35. Rc1 Nd4 36. Rxd8 Rxd8 37. Be3 Nb3 0-1

[Event "29th Metz Open - A"]
[Site "Longeville-les-Metz"]
[Date "2011.05.02"]
[Round "1.4"]
[White "Kravtsiv, Martyn"]
[Black "Praveen Kumar, C."]
[Result "1-0"]
[WhiteElo "2565"]
[BlackElo "2358"]
[PlyCount "71"]
[EventDate "2011.05.02"]
[Source "Roland WIMMER, Pierre BECKER (FA)"]
[SourceDate "2011.05.18"]

1. e4 e6 2. d4 d5 3. Nc3 Nc6 4. Nf3 Nf6 5. e5 Ne4 6. a3 Nxc3 7. bxc3 Na5 8. Bd3
c5 9. h4 Bd7 10. Ng5 Be7 11. Qf3 Bxg5 12. Bxg5 Qc7 13. O-O c4 14. Be2 Ba4 15.
Ra2 h6 16. Bd2 O-O-O 17. h5 Nc6 18. Qh3 Ne7 19. Bg4 Qd7 20. Rb1 Rdf8 21. Rb4
Bc6 22. Bc1 f5 23. exf6 Rxf6 24. Bf4 Nf5 25. Be5 Rf7 26. a4 Re8 27. Rab2 Nd6
28. Qe3 Ne4 29. f3 Nf6 30. Bh3 Nxh5 31. a5 g5 32. Bg4 Nf4 33. a6 b5 34. Qe1 h5
35. Bxh5 Nxh5 36. Qb1 1-0

[Event "29th Metz Open - A"]
[Site "Longeville-les-Metz"]
[Date "2011.05.02"]
[Round "1.11"]
[White "Schweitzer, Viktoriya"]
[Black "Dgebuadze, Alexandre"]
[Result "0-1"]
[WhiteElo "2230"]
[BlackElo "2521"]
[PlyCount "68"]
[EventDate "2011.05.02"]
[Source "Roland WIMMER, Pierre BECKER (FA)"]
[SourceDate "2011.05.18"]

1. e4 e6 2. d3 c5 3. Nf3 Nc6 4. g3 g6 5. Bg2 Bg7 6. O-O Nge7 7. Re1 h6 8. c3 d5
9. Nbd2 b6 10. Nf1 a5 11. h4 Ba6 12. e5 Ra7 13. Bf4 b5 14. Qd2 d4 15. Rac1 dxc3
16. Rxc3 c4 17. dxc4 Rd7 18. Qe2 bxc4 19. N1d2 Nd5 20. Ne4 Nxc3 21. bxc3 O-O
22. Nc5 Rd3 23. Nxd3 cxd3 24. Qe3 Ne7 25. Nd2 Qc7 26. Rc1 Rd8 27. Bf3 Nf5 28.
Qe1 Bb7 29. Bxb7 Qxb7 30. Qe4 Qb2 31. Nc4 Qxa2 32. g4 Nxh4 33. Nd6 Qe2 34. Be3
d2 0-1

[Event "29th Metz Open - A"]
[Site "Longeville-les-Metz"]
[Date "2011.05.02"]
[Round "1.12"]
[White "Savchenko, Stanislav"]
[Black "Peric, Slavisa"]
[Result "1-0"]
[WhiteElo "2510"]
[BlackElo "2227"]
[PlyCount "131"]
[EventDate "2011.05.02"]
[Source "Roland WIMMER, Pierre BECKER (FA)"]
[SourceDate "2011.05.18"]

1. Nf3 d5 2. d4 Nf6 3. c4 c6 4. e3 Bf5 5. Nc3 e6 6. Nh4 Bg6 7. Nxg6 hxg6 8. Qb3
Qb6 9. g3 Nbd7 10. Bg2 Be7 11. cxd5 Qxb3 12. axb3 exd5 13. f3 O-O 14. Kf2 a6
15. Bd2 Rad8 16. Bf1 Rfe8 17. Bd3 Bd6 18. g4 Bb8 19. Ne2 Nf8 20. h4 Ne6 21. b4
Kf8 22. Nc1 Ke7 23. Nb3 Kd7 24. Nc5+ Nxc5 25. bxc5 Rh8 26. Kg2 Bc7 27. Be1 Rhe8
28. Bf2 a5 29. Ra3 Rb8 30. Rb1 b6 31. cxb6 Bxb6 32. Rc3 Ng8 33. Bc2 Rec8 34.
Ba4 Ne7 35. Rbc1 Bc7 36. Bxc6+ Nxc6 37. Rxc6 Rxb2 38. R6c5 a4 39. Rxd5+ Ke6 40.
Rdc5 Kd7 41. R5c3 Rb3 42. Rxb3 axb3 43. Rb1 Rb8 44. Kf1 Bd6 45. Ke2 b2 46. Be1
Ba3 47. Bc3 f5 48. Kd3 Kd6 49. gxf5 gxf5 50. e4 fxe4+ 51. fxe4 Rb7 52. Kc2 Rf7
53. Bxb2 Rf2+ 54. Kb3 Bxb2 55. Rxb2 Rf4 56. Re2 Rxh4 57. Kc4 g5 58. e5+ Ke6 59.
Kc5 Rh1 60. d5+ Ke7 61. Ra2 g4 62. Ra7+ Kf8 63. Ra4 g3 64. Rg4 Rg1 65. Kd6 g2
66. e6 1-0

[Event "29th Metz Open - A"]
[Site "Longeville-les-Metz"]
[Date "2011.05.02"]
[Round "1.14"]
[White "Spirin, Oleg"]
[Black "Frick, Christoph"]
[Result "1-0"]
[WhiteElo "2479"]
[BlackElo "2190"]
[PlyCount "109"]
[EventDate "2011.05.02"]
[Source "Roland WIMMER, Pierre BECKER (FA)"]
[SourceDate "2011.05.18"]

1. d4 g6 2. Nf3 Bg7 3. c4 d6 4. g3 e5 5. dxe5 dxe5 6. Qxd8+ Kxd8 7. Nc3 Be6 8.
Nd2 Nd7 9. Bg2 c6 10. b3 Ngf6 11. Bb2 Kc7 12. O-O Rad8 13. Rfd1 Rhe8 14. h3 h6
15. Rac1 Nb6 16. Nb5+ cxb5 17. Bxe5+ Kd7 18. Ne4+ Ke7 19. Bd6+ Rxd6 20. Nxd6
Rb8 21. Nxb5 Nbd7 22. c5 Ne5 23. Nd6 Nc6 24. Nxb7 Rxb7 25. Bxc6 Rb4 26. Kg2 a5
27. f3 Ng8 28. Bd5 Bc8 29. Rc4 Nf6 30. e4 Nd7 31. Rc2 Rb5 32. Bc6 Rb8 33. f4
Nf8 34. Rc4 Ba6 35. Rc2 Bc8 36. Bd5 Ne6 37. e5 Nc7 38. Bc6 Rb4 39. Rdc1 Ba6 40.
Rd2 Bc8 41. Rc3 h5 42. a3 Rb8 43. Rd4 Ne6 44. Ra4 f6 45. Rxa5 fxe5 46. Ra7+ Kf6
47. fxe5+ Kxe5 48. b4 Kd4 49. Rf3 Be5 50. Bd7 Ke4 51. Rf1 Nd4 52. Re1+ Kd5 53.
Bxc8 Rxc8 54. Rd7+ Kc6 55. Rxe5 1-0

[Event "29th Metz Open - A"]
[Site "Longeville-les-Metz"]
[Date "2011.05.02"]
[Round "1.20"]
[White "Donchenko, Anatoly"]
[Black "Grosdemange, David"]
[Result "1/2-1/2"]
[WhiteElo "2397"]
[BlackElo "2037"]
[PlyCount "71"]
[EventDate "2011.05.02"]
[Source "Roland WIMMER, Pierre BECKER (FA)"]
[SourceDate "2011.05.18"]

1. Nf3 c5 2. c4 g6 3. g3 Bg7 4. Bg2 Nc6 5. O-O e5 6. Nc3 Nge7 7. Ne1 O-O 8. Nc2
d6 9. d3 Be6 10. Ne3 Qd7 11. Ned5 Bh3 12. Rb1 Bxg2 13. Kxg2 Nxd5 14. Nxd5 Ne7
15. Nxe7+ Qxe7 16. e4 f5 17. f3 Rf7 18. Bd2 b6 19. b4 h5 20. h3 Raf8 21. Qe2
Qd7 22. b5 Kh7 23. a4 Bh6 24. Ra1 a5 25. bxa6 Ra8 26. Bxh6 Kxh6 27. Qb2 Rxa6
28. Qb5 Qb7 29. Qe8 Kg7 30. Rab1 Rf8 31. Qb5 Rb8 32. Rf2 Ra5 33. Qb3 Qc6 34.
Ra2 Kf6 35. Qd1 Rba8 36. Rba1 1/2-1/2

[Event "29th Metz Open - A"]
[Site "Longeville-les-Metz"]
[Date "2011.05.03"]
[Round "2.2"]
[White "Solodovnichenko, Yuri"]
[Black "Spirin, Oleg"]
[Result "1-0"]
[WhiteElo "2574"]
[BlackElo "2479"]
[PlyCount "75"]
[EventDate "2011.05.02"]
[Source "Roland WIMMER, Pierre BECKER (FA)"]
[SourceDate "2011.05.18"]

1. e4 c5 2. Nf3 d6 3. d4 cxd4 4. Nxd4 Nf6 5. Nc3 a6 6. Bg5 Nc6 7. Qd2 e6 8.
O-O-O Bd7 9. f3 Be7 10. Be3 h5 11. Kb1 Qc7 12. Nxc6 Bxc6 13. Ne2 b5 14. Nd4 Bb7
15. Bd3 Nd7 16. Rhe1 Ne5 17. Bg5 Rc8 18. Bxe7 Qxe7 19. f4 Nxd3 20. Qxd3 O-O 21.
Qe2 Qf6 22. g3 Rc4 23. Qd3 Rfc8 24. Rd2 h4 25. Nb3 Qg6 26. Rde2 hxg3 27. hxg3
Ba8 28. a3 e5 29. f5 Qg4 30. c3 Rd8 31. Nd2 Rc7 32. Rh2 f6 33. Reh1 Kf7 34. Rh4
Qg5 35. Rg1 Rc4 36. b3 Rdc8 37. bxc4 bxc4 38. Qxd6 1-0

[Event "29th Metz Open - A"]
[Site "Longeville-les-Metz"]
[Date "2011.05.03"]
[Round "2.3"]
[White "Gladyszev, Oleg"]
[Black "Kravtsiv, Martyn"]
[Result "1/2-1/2"]
[WhiteElo "2472"]
[BlackElo "2565"]
[PlyCount "60"]
[EventDate "2011.05.02"]
[Source "Roland WIMMER, Pierre BECKER (FA)"]
[SourceDate "2011.05.18"]

1. d4 Nf6 2. c4 e6 3. Nc3 Bb4 4. Qc2 O-O 5. a3 Bxc3+ 6. Qxc3 b6 7. Bg5 Bb7 8.
f3 h6 9. Bh4 d5 10. e3 Nbd7 11. cxd5 Nxd5 12. Bxd8 Nxc3 13. Bh4 Nd5 14. Bf2 f5
15. Bb5 c6 16. Ba4 Rfd8 17. Ne2 c5 18. O-O-O Rac8 19. Kb1 Kf7 20. Rc1 N7f6 21.
Rcd1 g5 22. dxc5 bxc5 23. h3 h5 24. Nc3 a6 25. Nxd5 Bxd5 26. Bg3 Ke7 27. Be5
Nd7 28. Bxd7 Rxd7 29. b4 Rcd8 30. Kb2 cxb4 1/2-1/2

[Event "29th Metz Open - A"]
[Site "Longeville-les-Metz"]
[Date "2011.05.03"]
[Round "2.4"]
[White "Venkatesh, Marami Rajendran"]
[Black "Eingorn, Vereslav S"]
[Result "1/2-1/2"]
[WhiteElo "2463"]
[BlackElo "2558"]
[PlyCount "90"]
[EventDate "2011.05.02"]
[Source "Roland WIMMER, Pierre BECKER (FA)"]
[SourceDate "2011.05.18"]

1. Nf3 Nf6 2. g3 b6 3. Bg2 Bb7 4. d3 d5 5. Nbd2 Nbd7 6. O-O e6 7. e4 dxe4 8.
dxe4 Nc5 9. e5 Nd5 10. a3 Qd7 11. c4 Ne7 12. b4 Nd3 13. Nb3 Rd8 14. Be3 Ng6 15.
Bd4 c5 16. Qxd3 cxd4 17. Rfe1 Be7 18. Nfxd4 Bxg2 19. Kxg2 a5 20. bxa5 bxa5 21.
a4 Bb4 22. Re4 O-O 23. Qe3 Ne7 24. Nc2 Nf5 25. Qf3 Be7 26. Ncd4 Nxd4 27. Nxd4
Bc5 28. Ne2 Qd2 29. Nf4 Qc2 30. Rae1 Rd2 31. R1e2 Rxe2 32. Qxe2 Qxa4 33. Nh5
Qc6 34. Qg4 g6 35. Kh3 Be7 36. Nf6+ Bxf6 37. exf6 Qc5 38. f4 h5 39. Qg5 Qxg5
40. fxg5 Ra8 41. c5 Kf8 42. Ra4 Ke8 43. g4 hxg4+ 44. Kxg4 Kd7 45. h4 Kc6
1/2-1/2

[Event "29th Metz Open - A"]
[Site "Longeville-les-Metz"]
[Date "2011.05.03"]
[Round "2.5"]
[White "Rotstein, Arkadij"]
[Black "Lalic, Bogdan"]
[Result "1/2-1/2"]
[WhiteElo "2547"]
[BlackElo "2469"]
[PlyCount "60"]
[EventDate "2011.05.02"]
[Source "Roland WIMMER, Pierre BECKER (FA)"]
[SourceDate "2011.05.18"]

1. g3 e5 2. c4 Nf6 3. Bg2 h6 4. b3 Nc6 5. Bb2 Bc5 6. Nc3 O-O 7. e3 d5 8. Nxd5
Nxd5 9. cxd5 Nb4 10. Qb1 Re8 11. Ne2 Nxd5 12. O-O Bg4 13. Nc1 c6 14. Nd3 Bd6
15. Rc1 Qe7 16. Rc4 Be2 17. Rh4 Rad8 18. Qc2 Bxd3 19. Qxd3 Ba3 20. Bxa3 Qxa3
21. Ra4 Qc5 22. Qc4 Qb6 23. Rc1 a6 24. Qc5 Qxc5 25. Rxc5 Nf6 26. Rc2 Re7 27.
Kf1 Kf8 28. Ke2 Ne8 29. f4 Nd6 30. Rc5 f6 1/2-1/2

[Event "29th Metz Open - A"]
[Site "Longeville-les-Metz"]
[Date "2011.05.03"]
[Round "2.6"]
[White "Aguettaz, Maxime"]
[Black "Malakhatko, Vadim"]
[Result "1/2-1/2"]
[WhiteElo "2417"]
[BlackElo "2546"]
[PlyCount "82"]
[EventDate "2011.05.02"]
[Source "Roland WIMMER, Pierre BECKER (FA)"]
[SourceDate "2011.05.18"]

1. Nf3 d5 2. d4 c6 3. c4 Nf6 4. Nc3 e6 5. Bg5 Nbd7 6. e3 Qa5 7. Nd2 dxc4 8.
Bxf6 Nxf6 9. Nxc4 Qc7 10. Rc1 Be7 11. Bd3 O-O 12. O-O Rd8 13. Ne5 Bd7 14. f4
Be8 15. g4 Nd7 16. g5 Nxe5 17. fxe5 Bxg5 18. Qf3 Qe7 19. Ne4 c5 20. Qh3 h6 21.
Rxc5 Bc6 22. Nd6 Rf8 23. b4 a6 24. a3 Rad8 25. Bxa6 Ra8 26. b5 Bd5 27. Rxd5
bxa6 28. Rc5 axb5 29. Nxb5 f5 30. exf6 Rxf6 31. Rxf6 Bxf6 32. Rc6 e5 33. Rc8+
Rxc8 34. Qxc8+ Kh7 35. d5 Bg5 36. Qc2+ Kh8 37. Qc8+ Kh7 38. Qc2+ Kh8 39. Kf2
Qf7+ 40. Ke2 Qxd5 41. Qc8+ Kh7 1/2-1/2

[Event "29th Metz Open - A"]
[Site "Longeville-les-Metz"]
[Date "2011.05.03"]
[Round "2.7"]
[White "Miezis, Normunds"]
[Black "Jolly, Jean-Francois"]
[Result "0-1"]
[WhiteElo "2542"]
[BlackElo "2357"]
[PlyCount "144"]
[EventDate "2011.05.02"]
[Source "Roland WIMMER, Pierre BECKER (FA)"]
[SourceDate "2011.05.18"]

1. c4 e5 2. g3 Nc6 3. Bg2 f5 4. Nc3 Nf6 5. d3 Bb4 6. Bd2 O-O 7. Nd5 Bxd2+ 8.
Qxd2 d6 9. f4 exf4 10. gxf4 Nxd5 11. Bxd5+ Kh8 12. h4 Ne7 13. Bf3 Rb8 14. h5 h6
15. Qc3 c5 16. b4 b5 17. bxc5 dxc5 18. Rc1 Be6 19. Qe5 Qd7 20. cxb5 Rxb5 21. a4
Ra5 22. Rxc5 Rxc5 23. Qxc5 Rc8 24. Qe5 Nc6 25. Bxc6 Rxc6 26. Rh3 Bf7 27. Nf3
Re6 28. Qc3 Qxa4 29. Ne5 Qe8 30. d4 Bxh5 31. d5 Rb6 32. Qd4 Bg4 33. Re3 Rb1+
34. Kd2 Qc8 35. Qc4 Rb2+ 36. Ke1 Qb7 37. Nxg4 Rb4 38. Re8+ Kh7 39. Qd3 Rxf4 40.
Ne3 Qb4+ 41. Qd2 Qb1+ 42. Nd1 Rh4 43. Kf2 Rh1 44. Qd3 Rxd1 45. Qxb1 Rxb1 46. e4
fxe4 47. Rxe4 Kg6 48. Ra4 Rb5 49. Ra6+ Rb6 50. Ra5 Kf6 51. Ke3 Ke5 52. Kd3 Rd6
53. Kc4 g5 54. Rb5 Rd8 55. Ra5 g4 56. d6+ Kxd6 57. Kd4 Kc6+ 58. Ke4 Kb6 59. Rh5
Rg8 60. Rxh6+ Kb5 61. Rh5+ Kb4 62. Rh4 a5 63. Kf4 g3 64. Kf3+ Kb3 65. Kg2 a4
66. Rh7 a3 67. Rb7+ Ka2 68. Rb6 Ka1 69. Rb3 a2 70. Rd3 Rc8 71. Kxg3 Rc1 72. Kf3
Rb1 0-1

[Event "29th Metz Open - A"]
[Site "Longeville-les-Metz"]
[Date "2011.05.03"]
[Round "2.8"]
[White "Dgebuadze, Alexandre"]
[Black "Zienkiewicz, Alexandre"]
[Result "1-0"]
[WhiteElo "2521"]
[BlackElo "2069"]
[PlyCount "37"]
[EventDate "2011.05.02"]
[Source "Roland WIMMER, Pierre BECKER (FA)"]
[SourceDate "2011.05.18"]

1. e4 e6 2. d4 d5 3. Nd2 Nf6 4. e5 Nfd7 5. f4 c5 6. c3 cxd4 7. cxd4 Nc6 8. Ndf3
a5 9. Ne2 a4 10. a3 Nb6 11. Nc3 Bd7 12. Bd3 Na5 13. Bc2 Nac4 14. O-O Be7 15.
Ng5 g6 16. Qd3 h5 17. Nxf7 Kxf7 18. Qxg6+ Kf8 19. f5 1-0

[Event "29th Metz Open - A"]
[Site "Longeville-les-Metz"]
[Date "2011.05.03"]
[Round "2.9"]
[White "Nguyen, Chi-Minh"]
[Black "Maiorov, Nikita (*85)"]
[Result "0-1"]
[WhiteElo "2381"]
[BlackElo "2528"]
[PlyCount "70"]
[EventDate "2011.05.02"]
[Source "Roland WIMMER, Pierre BECKER (FA)"]
[SourceDate "2011.05.18"]

1. d4 Nf6 2. c4 e6 3. Nc3 Bb4 4. e3 O-O 5. Bd3 d5 6. cxd5 exd5 7. Nge2 Re8 8.
Bd2 a6 9. Rc1 Bd6 10. O-O Nbd7 11. Qb3 c6 12. f3 b5 13. Bb1 Bb7 14. Kh1 c5 15.
dxc5 Nxc5 16. Qd1 Rc8 17. Nd4 g6 18. Nce2 Qb6 19. Qe1 Bf8 20. Qh4 b4 21. g4 a5
22. Rg1 Ba6 23. Nf4 Qd6 24. Rg3 Qe5 25. g5 Nfe4 26. fxe4 Nxe4 27. Rh3 h6 28.
Rg1 Nxd2 29. gxh6 Nxb1 30. h7+ Kh8 31. Rxg6 Bg7 32. Rxg7 Qxg7 33. Rg3 Qe5 34.
Nf3 Rc1+ 35. Kg2 Qxb2+ 0-1

[Event "29th Metz Open - A"]
[Site "Longeville-les-Metz"]
[Date "2011.05.03"]
[Round "2.10"]
[White "Michiels, Bart"]
[Black "Donchenko, Anatoly"]
[Result "1-0"]
[WhiteElo "2484"]
[BlackElo "2397"]
[PlyCount "109"]
[EventDate "2011.05.02"]
[Source "Roland WIMMER, Pierre BECKER (FA)"]
[SourceDate "2011.05.18"]

1. e4 e5 2. Bc4 Nf6 3. d3 Bc5 4. Nf3 Nc6 5. c3 d6 6. Bb3 h6 7. O-O O-O 8. Re1
a6 9. Nbd2 Ba7 10. Nf1 Ne7 11. h3 Ng6 12. d4 Re8 13. Ng3 Be6 14. Bc2 Nh7 15.
Be3 Ng5 16. Nxg5 hxg5 17. Ba4 Rf8 18. Bb3 Bxb3 19. Qxb3 Rb8 20. Rad1 exd4 21.
cxd4 Nf4 22. Bxf4 gxf4 23. Nh5 c5 24. dxc5 Bxc5 25. Qf3 g6 26. Nxf4 Qf6 27. Re2
Rfe8 28. Qg3 Rbd8 29. Nd5 Qe5 30. Qxe5 Rxe5 31. b4 Ba7 32. Rc1 Bb8 33. f4 Re6
34. Kf2 Rde8 35. Kf3 f5 36. Rce1 Kf7 37. g4 fxe4+ 38. Rxe4 Ba7 39. Rxe6 Rxe6
40. Rc1 Bb8 41. Rc8 Re8 42. Rxe8 Kxe8 43. Ke4 Kf7 44. f5 Ba7 45. Nf4 g5 46. Ne6
Kf6 47. Kd5 Be3 48. Kxd6 Bd2 49. Kc5 Be3+ 50. Kc4 Bd2 51. a4 b6 52. Nc7 a5 53.
b5 Ke5 54. Nd5 Bc1 55. Nxb6 1-0

[Event "29th Metz Open - A"]
[Site "Longeville-les-Metz"]
[Date "2011.05.03"]
[Round "2.13"]
[White "Svetushkin, Dmitry"]
[Black "Schweitzer, Viktoriya"]
[Result "1-0"]
[WhiteElo "2561"]
[BlackElo "2230"]
[PlyCount "97"]
[EventDate "2011.05.02"]
[Source "Roland WIMMER, Pierre BECKER (FA)"]
[SourceDate "2011.05.18"]

1. d4 g6 2. e4 Bg7 3. Nf3 c5 4. c4 cxd4 5. Nxd4 Qb6 6. Nb3 d6 7. Be2 Nf6 8. Nc3
Nc6 9. O-O O-O 10. Be3 Qd8 11. Rc1 b6 12. f4 Ba6 13. Nd4 Nxd4 14. Bxd4 Bb7 15.
Bf3 Nd7 16. Bxg7 Kxg7 17. Qd4+ Kg8 18. Rfd1 Nc5 19. Qe3 Qc8 20. b4 Na6 21. a3
Qe6 22. Qe2 Nc7 23. Bg4 f5 24. exf5 Qxe2 25. Bxe2 gxf5 26. c5 bxc5 27. bxc5 Rf6
28. c6 Bc8 29. Rb1 Kf8 30. Bf3 Ba6 31. Nd5 Nxd5 32. Rxd5 Rc8 33. Ra5 Bc4 34.
Rxa7 d5 35. Rbb7 Re6 36. c7 Rc6 37. Kf2 Kf7 38. g4 e6 39. gxf5 exf5 40. Ke3 Ke6
41. a4 Kd7 42. Kd4 Rh6 43. Rb2 Rh4 44. Ke5 Re8+ 45. Kxf5 h5 46. Kg5 Rh3 47.
Bxh5 Rg8+ 48. Bg6 d4 49. Rb8 1-0

[Event "29th Metz Open - A"]
[Site "Longeville-les-Metz"]
[Date "2011.05.03"]
[Round "2.15"]
[White "Praveen Kumar, C."]
[Black "Colson, Arnaud"]
[Result "1/2-1/2"]
[WhiteElo "2358"]
[BlackElo "2157"]
[PlyCount "39"]
[EventDate "2011.05.02"]
[Source "Roland WIMMER, Pierre BECKER (FA)"]
[SourceDate "2011.05.18"]

1. d4 Nf6 2. Nf3 g6 3. Nc3 d5 4. Bf4 Bg7 5. Qd2 Ne4 6. Nxe4 dxe4 7. Ne5 Nd7 8.
Nxd7 Qxd7 9. e3 b6 10. a4 Bb7 11. a5 e5 12. Bxe5 Bxe5 13. dxe5 Qxd2+ 14. Kxd2
O-O-O+ 15. Ke1 Rhe8 16. Bc4 Bd5 17. Ba6+ Bb7 18. Bc4 Bd5 19. Ba6+ Bb7 20. Bc4
1/2-1/2

[Event "29th Metz Open - A"]
[Site "Longeville-les-Metz"]
[Date "2011.05.03"]
[Round "2.17"]
[White "Frick, Christoph"]
[Black "Migot, Tangi"]
[Result "0-1"]
[WhiteElo "2190"]
[BlackElo "2272"]
[PlyCount "80"]
[EventDate "2011.05.02"]
[Source "Roland WIMMER, Pierre BECKER (FA)"]
[SourceDate "2011.05.18"]

1. e4 c5 2. Nc3 d6 3. g3 Nc6 4. Bg2 g6 5. d3 Bg7 6. Nh3 e6 7. O-O Nge7 8. Be3
b6 9. Qd2 h6 10. Nf4 Bb7 11. Rab1 Qd7 12. a3 Nd4 13. b4 O-O 14. Nd1 e5 15. Nd5
Nxd5 16. exd5 Kh7 17. c3 Nf5 18. c4 Nd4 19. Nc3 f5 20. bxc5 bxc5 21. Rb2 Rae8
22. Rfb1 Bc8 23. Rb8 g5 24. Ra8 Ba6 25. Rxe8 Rxe8 26. Bxd4 cxd4 27. Nb5 e4 28.
dxe4 Bxb5 29. cxb5 fxe4 30. Re1 Qf5 31. Qe2 e3 32. fxe3 Rxe3 33. Qf2 Qxf2+ 34.
Kxf2 Rxa3 35. Re7 Ra2+ 36. Kf1 Kg8 37. Bh3 Be5 38. Be6+ Kf8 39. Rf7+ Ke8 40.
Rh7 d3 0-1

[Event "29th Metz Open - A"]
[Site "Longeville-les-Metz"]
[Date "2011.05.03"]
[Round "2.18"]
[White "Marzolf, Bruno"]
[Black "Achereiner, Guillaume"]
[Result "1-0"]
[WhiteElo "2254"]
[BlackElo "2044"]
[PlyCount "75"]
[EventDate "2011.05.02"]
[Source "Roland WIMMER, Pierre BECKER (FA)"]
[SourceDate "2011.05.18"]

1. f4 c5 2. Nf3 Nc6 3. e3 g6 4. Bb5 Bg7 5. a4 Nf6 6. O-O O-O 7. Na3 d5 8. Qe1
Bf5 9. Bxc6 bxc6 10. d3 Rb8 11. Ne5 Qc7 12. Rb1 Nd7 13. Nxd7 Qxd7 14. Kh1 Qe6
15. b3 c4 16. bxc4 Rxb1 17. Nxb1 Rb8 18. Na3 Qd6 19. Qa5 Bb2 20. Nb5 cxb5 21.
Bxb2 dxc4 22. Be5 Qb6 23. Qb4 Rb7 24. dxc4 bxa4 25. Qxa4 Bd7 26. Qa3 Qb4 27.
Qd3 a5 28. Qd5 e6 29. Qd4 a4 30. h3 a3 31. Kh2 a2 32. Ra1 Qa5 33. Qd6 Qa8 34.
Qe7 Ra7 35. Qf6 Kf8 36. c5 Be8 37. Rd1 Ra6 38. Qg7+ 1-0

[Event "29th Metz Open - A"]
[Site "Longeville-les-Metz"]
[Date "2011.05.03"]
[Round "2.19"]
[White "Carrillo, Jesus"]
[Black "Guedon, Stephane"]
[Result "0-1"]
[WhiteElo "2118"]
[BlackElo "2253"]
[PlyCount "62"]
[EventDate "2011.05.02"]
[Source "Roland WIMMER, Pierre BECKER (FA)"]
[SourceDate "2011.05.18"]

1. e4 e6 2. d4 d5 3. e5 c5 4. c3 Qb6 5. Nf3 Nc6 6. a3 c4 7. Nbd2 f6 8. exf6
Nxf6 9. g3 Bd6 10. Bg2 O-O 11. O-O e5 12. dxe5 Bxe5 13. Qc2 Bg4 14. h3 Bh5 15.
Nxe5 Nxe5 16. Qf5 Qd6 17. Qf4 Rae8 18. f3 Bg6 19. Qd4 Nc6 20. Qf2 Bd3 21. g4
Re2 22. Qh4 Ne7 23. f4 Ng6 24. Qg3 h5 25. Nf3 Ne4 26. Qh2 Rxf4 27. Bxf4 Nxf4
28. Nh4 Qc5+ 29. Kh1 Nf2+ 30. Rxf2 Qxf2 31. Rf1 Re1 0-1

[Event "29th Metz Open - A"]
[Site "Longeville-les-Metz"]
[Date "2011.05.03"]
[Round "3.1"]
[White "Jolly, Jean-Francois"]
[Black "Solodovnichenko, Yuri"]
[Result "0-1"]
[WhiteElo "2357"]
[BlackElo "2574"]
[PlyCount "70"]
[EventDate "2011.05.02"]
[Source "Roland WIMMER, Pierre BECKER (FA)"]
[SourceDate "2011.05.18"]

1. e4 c5 2. Nf3 d6 3. d4 cxd4 4. Nxd4 Nf6 5. Nc3 e6 6. Be3 a6 7. Be2 Qc7 8. a4
b6 9. f4 Bb7 10. Bf3 Nbd7 11. Qe2 Be7 12. O-O O-O 13. g4 Nc5 14. Qg2 Rfe8 15.
g5 Nfd7 16. b4 e5 17. Nde2 Ne6 18. g6 hxg6 19. f5 Nf4 20. Bxf4 exf4 21. fxg6
fxg6 22. e5 Bxf3 23. Qxf3 dxe5 24. Nd5 Qd6 25. Rad1 Nf6 26. Ndxf4 Qxb4 27. Nxg6
Bc5+ 28. Kh1 Qxa4 29. Nc3 Qg4 30. Nxe5 Qxf3+ 31. Nxf3 Rac8 32. Nd5 Nxd5 33.
Rxd5 Rcd8 34. Rg5 Re2 35. Ne5 Rd5 0-1

[Event "29th Metz Open - A"]
[Site "Longeville-les-Metz"]
[Date "2011.05.03"]
[Round "3.3"]
[White "Lalic, Bogdan"]
[Black "Gupta, Abhijeet"]
[Result "1/2-1/2"]
[WhiteElo "2469"]
[BlackElo "2604"]
[PlyCount "59"]
[EventDate "2011.05.02"]
[Source "Roland WIMMER, Pierre BECKER (FA)"]
[SourceDate "2011.05.18"]

1. d4 Nf6 2. c4 g6 3. Nc3 d5 4. Nf3 Bg7 5. Qb3 dxc4 6. Qxc4 O-O 7. e4 a6 8. Be2
b5 9. Qb3 c5 10. dxc5 Be6 11. Qc2 Nbd7 12. Be3 Rc8 13. c6 Rxc6 14. Nd4 Rd6 15.
Nxe6 Rxe6 16. f3 Qc7 17. Rc1 Rc8 18. Qb1 Rc6 19. O-O Nb6 20. a4 Nxa4 21. Nxa4
bxa4 22. Rxc6 Qxc6 23. Rc1 Qb7 24. Rxc8+ Qxc8 25. Qd1 Qd7 26. Bc5 Qc7 27. Ba3
Nh5 28. g3 Qb6+ 29. Kg2 Bd4 30. Bxa6 1/2-1/2

[Event "29th Metz Open - A"]
[Site "Longeville-les-Metz"]
[Date "2011.05.03"]
[Round "3.7"]
[White "Maiorov, Nikita (*85)"]
[Black "Venkatesh, Marami Rajendran"]
[Result "1-0"]
[WhiteElo "2528"]
[BlackElo "2463"]
[PlyCount "127"]
[EventDate "2011.05.02"]
[Source "Roland WIMMER, Pierre BECKER (FA)"]
[SourceDate "2011.05.18"]

1. d4 Nf6 2. c4 e6 3. Nc3 Bb4 4. Qc2 O-O 5. a3 Bxc3+ 6. Qxc3 d5 7. e3 b6 8. Nf3
Nbd7 9. b4 c5 10. dxc5 bxc5 11. Be2 dxc4 12. Qxc4 Bb7 13. O-O Rc8 14. Bb2 Ne4
15. Rac1 Bd5 16. Qd3 Qe7 17. Nd2 Ndf6 18. Nxe4 Nxe4 19. f3 Nf6 20. e4 Bb7 21.
b5 Qc7 22. Qe3 Qb6 23. a4 a6 24. a5 Qxa5 25. bxa6 Ba8 26. Qg5 h6 27. Qe5 Qd2
28. Bc4 Rfd8 29. Bc3 Qd7 30. Ba5 Re8 31. Rfd1 Qa7 32. Bc3 Bc6 33. Rb1 Red8 34.
Rd6 Ne8 35. Rxd8 Rxd8 36. Ba5 Nd6 37. Bxd8 Nxc4 38. Qa1 Kh7 39. Bh4 Nd2 40. Rd1
Nb3 41. Qa2 Nd4 42. Bf2 Bb5 43. Bxd4 cxd4 44. Ra1 Kg6 45. g3 h5 46. h4 e5 47.
Kg2 f6 48. Qb2 Bc6 49. Qb3 Ba8 50. Ra2 Bc6 51. Qc4 Be8 52. Qc8 Qf7 53. Rb2 Bd7
54. Qb7 d3 55. Qd5 Be6 56. Qd6 Bb3 57. Rd2 Bc2 58. Qb8 Qa2 59. Qb6 Qa1 60. a7
Qe1 61. Qa5 Bd1 62. a8=Q Be2 63. Q8a7 Bf1+ 64. Kh2 1-0